Vista normal Vista MARC

Entrada Corporate Name

Número de registros utilizados en: 1

001 - CONTROL NUMBER

  • control field: 14539

003 - CONTROL NUMBER IDENTIFIER

  • control field: OSt

005 - DATE AND TIME OF LATEST TRANSACTION

  • control field: 20210308123754.0

008 - FIXED-LENGTH DATA ELEMENTS

  • fixed length control field: 210308|| aca||aabn | a|a d

040 ## - CATALOGING SOURCE

  • Original cataloging agency: OSt
  • Transcribing agency: OSt

110 ## - HEADING--CORPORATE NAME

  • Corporate name or jurisdiction name as entry element: Biblioteca Luis Angel Arango (Bogotá)
  • Form subdivision: Colecciones

670 ## - SOURCE DATA FOUND

  • Source citation: Work cat.: (OSt)0: Banco de la República 14538, Colecciones Banco de la República : , 1998.